How to moot : (Record no. 11575)
[ view plain ]
| 000 -LEADER | |
|---|---|
| fixed length control field | 00677nam a22002292 4500 |
| 001 - CONTROL NUMBER | |
| control field | 0000024556 |
| 005 - DATE AND TIME OF LATEST TRANSACTION | |
| control field | 20151217154512.0 |
| 008 - FIXED-LENGTH DATA ELEMENTS--GENERAL INFORMATION | |
| fixed length control field | 140107s xx 000 0 eng d |
| 020 ## - INTERNATIONAL STANDARD BOOK NUMBER | |
| International Standard Book Number | 0199571673 : |
| 040 ## - CATALOGING SOURCE | |
| Original cataloging agency | KABU |
| Transcribing agency | KABU |
| 100 1# - MAIN ENTRY--PERSONAL NAME | |
| Personal name | Snape, John. |
| -- | 0000184836 |
| 245 10 - TITLE STATEMENT | |
| Title | How to moot : |
| Remainder of title | a student guide to mooting / |
| Statement of responsibility, etc. | John Snape. |
| 250 ## - EDITION STATEMENT | |
| Edition statement | 2nd ed. |
| 260 ## - PUBLICATION, DISTRIBUTION, ETC. (IMPRINT) | |
| Place of publication, distribution, etc. | Oxford : |
| Name of publisher, distributor, etc. | O. U. P., |
| Date of publication, distribution, etc. | 2010. |
| 300 ## - PHYSICAL DESCRIPTION | |
| Extent | xxiii, 244 p. |
| 650 #0 - SUBJECT ADDED ENTRY--TOPICAL TERM | |
| Topical term or geographic name as entry element | Moot courts. |
| -- | 0000181572 |
| 650 #0 - SUBJECT ADDED ENTRY--TOPICAL TERM | |
| Topical term or geographic name as entry element | Law |
| General subdivision | Study and teaching. |
| -- | 0000181571 |
| 650 #0 - SUBJECT ADDED ENTRY--TOPICAL TERM | |
| Topical term or geographic name as entry element | Case |
| General subdivision | Method. |
| -- | 0000184837 |
| 852 1# - LOCATION | |
| -- | p2970 KES |
| 908 ## - PUT COMMAND PARAMETER (RLIN) | |
| Put command parameter | 140107 |
| 950 ## - LOCAL HOLDINGS (RLIN) | |
| -- | 1 |
| Withdrawn status | Lost status | Source of classification or shelving scheme | Not for loan | Home library | Current library | Date acquired | Total Checkouts | Total Renewals | Full call number | Barcode | Date last seen | Date last checked out | Price effective from | Koha item type |
|---|---|---|---|---|---|---|---|---|---|---|---|---|---|---|
| Library of Congress Classification | Kabarak, Main Campus | Kabarak, Main Campus | 17/12/2015 | 18 | 3 | KF280 .S63 2010 c. 1 | 016316 | 14/03/2025 | 26/02/2025 | 17/12/2015 | General Collection |